[Event "Reykjavik Open 2013"]
[Site "?"]
[Date "2013.02.25"]
[Round "8.7"]
[White "Esen, Baris"]
[Black "Olafsson, Fridrik"]
[Result "1-0"]
[LiveChessVersion "1.4"]
[BlackElo "2416"]
[WhiteElo "2565"]

1. d4 {[%clk 1:30:47]} Nf6 {[%clk 1:30:16]} 2. Nf3 {[%clk 1:31:07]} g6
{[%clk 1:30:14]} 3. c4 {[%clk 1:31:25]} Bg7 {[%clk 1:30:18]} 4. g3
{[%clk 1:31:44]} d5 {[%clk 1:30:01]} 5. Bg2 {[%clk 1:32:05]} O-O {[%clk 1:28:24]}
6. O-O {[%clk 1:32:16]} dxc4 {[%clk 1:22:55]} 7. Na3 {[%clk 1:32:39]} c3
{[%clk 1:19:14]} 8. bxc3 {[%clk 1:33:03]} c5 {[%clk 1:19:43]} 9. e3
{[%clk 1:33:23]} Nc6 {[%clk 1:19:47]} 10. Qe2 {[%clk 1:33:47]} Nd5
{[%clk 1:19:11]} 11. Bb2 {[%clk 1:34:10]} Nb6 {[%clk 1:19:34]} 12. Rac1
{[%clk 1:34:35]} Qc7 {[%clk 1:19:21]} 13. Nd2 {[%clk 1:18:02]} a6
{[%clk 1:15:20]} 14. Nb3 {[%clk 1:12:15]} Na4 {[%clk 1:05:54]} 15. Ba1
{[%clk 1:10:48]} e5 {[%clk 0:57:12]} 16. Nc4 {[%clk 1:02:18]} Rb8
{[%clk 0:49:20]} 17. Nb2 {[%clk 0:56:00]} Nxb2 18. Bxb2 {[%clk 0:56:20]} b6
{[%clk 0:43:49]} 19. Rfd1 {[%clk 0:45:09]} Re8 {[%clk 0:39:44]} 20. dxc5
{[%clk 0:35:31]} bxc5 {[%clk 0:37:34]} 21. c4 {[%clk 0:33:30]} Nb4
{[%clk 0:32:40]} 22. a3 {[%clk 0:21:15]} Na2 {[%clk 0:28:40]} 23. Ra1
{[%clk 0:20:44]} Qb6 {[%clk 0:24:25]} 24. Nxc5 {[%clk 0:16:40]} Qxb2
{[%clk 0:21:13]} 25. Rxa2 {[%clk 0:17:00]} Qxe2 {[%clk 0:17:44]} 26. Rxe2
{[%clk 0:17:21]} Bg4 {[%clk 0:14:42]} 27. f3 {[%clk 0:17:43]} Rbc8
{[%clk 0:13:48]} 28. fxg4 {[%clk 0:15:00]} Rxc5 {[%clk 0:14:17]} 29. Bd5
{[%clk 0:15:21]} Rc7 {[%clk 0:12:44]} 30. Rb1 {[%clk 0:14:24]} Bf8
{[%clk 0:12:55]} 31. a4 {[%clk 0:14:14]} a5 {[%clk 0:11:09]} 32. Rb5
{[%clk 0:14:00]} Bb4 {[%clk 0:11:37]} 33. Rf2 {[%clk 0:13:53]} Kg7
{[%clk 0:08:04]} 34. Kf1 {[%clk 0:12:52]} h6 {[%clk 0:07:54]} 35. Ke2
{[%clk 0:13:16]} Ree7 {[%clk 0:05:30]} 36. Kd3 {[%clk 0:11:31]} e4+
{[%clk 0:03:51]} 37. Bxe4 {[%clk 0:09:46]} Bc5 {[%clk 0:00:46]} 38. Rf3
{[%clk 0:09:27]} 1-0

[Event "Reykjavik Open 2013"]
[Site "?"]
[Date "2013.02.25"]
[Round "8.8"]
[White "Lou, Yiping"]
[Black "Kuzubov, Yuriy"]
[Result "1/2-1/2"]
[LiveChessVersion "1.4"]
[BlackElo "2622"]
[WhiteElo "2468"]

1. d4 {[%clk 1:30:53]} g6 {[%clk 1:30:20]} 2. e4 {[%clk 1:30:53]} Bg7
{[%clk 1:30:33]} 3. Nf3 {[%clk 1:30:52]} d6 {[%clk 1:30:25]} 4. Nc3
{[%clk 1:30:44]} Nf6 {[%clk 1:29:50]} 5. Be2 {[%clk 1:30:43]} O-O
{[%clk 1:29:20]} 6. O-O {[%clk 1:30:59]} Nc6 {[%clk 1:28:53]} 7. d5
{[%clk 1:24:20]} Nb8 {[%clk 1:29:17]} 8. h3 {[%clk 1:23:54]} c6 {[%clk 1:29:02]}
9. Be3 {[%clk 1:22:57]} Nbd7 {[%clk 1:24:41]} 10. Re1 {[%clk 1:17:58]} Qc7
{[%clk 1:23:01]} 11. Bf1 {[%clk 1:13:48]} Nb6 {[%clk 1:05:59]} 12. a4
{[%clk 1:10:20]} a5 {[%clk 0:52:57]} 13. Bd4 {[%clk 0:58:33]} e5 {[%clk 0:43:30]}
14. dxe6 {[%clk 0:53:38]} Bxe6 {[%clk 0:41:33]} 15. e5 {[%clk 0:46:57]} dxe5
{[%clk 0:29:36]} 16. Bxe5 {[%clk 0:46:47]} Qc8 {[%clk 0:28:48]} 17. Nd4
{[%clk 0:41:37]} Re8 {[%clk 0:22:49]} 18. Bxf6 {[%clk 0:24:45]} Bxf6
{[%clk 0:23:12]} 19. Ne4 {[%clk 0:25:10]} Qd8 {[%clk 0:20:18]} 20. Nxe6
{[%clk 0:23:52]} Rxe6 {[%clk 0:20:35]} 21. Qxd8+ {[%clk 0:22:14]} Rxd8
{[%clk 0:20:24]} 22. Nc5 {[%clk 0:22:35]} Rxe1 {[%clk 0:18:53]} 23. Rxe1
{[%clk 0:22:51]} Rb8 {[%clk 0:16:55]} 24. b3 {[%clk 0:20:58]} Bd4
{[%clk 0:13:32]} 25. Ne4 {[%clk 0:20:49]} Rd8 {[%clk 0:12:16]} 26. g3
{[%clk 0:17:47]} Kf8 {[%clk 0:10:13]} 27. Kg2 {[%clk 0:16:29]} h6
{[%clk 0:07:03]} 28. c3 {[%clk 0:11:38]} Bg7 {[%clk 0:07:13]} 29. Nc5
{[%clk 0:10:32]} Rd2 {[%clk 0:02:21]} 30. Re2 {[%clk 0:08:03]} Rxe2
{[%clk 0:01:45]} 31. Bxe2 {[%clk 0:08:26]} Bxc3 {[%clk 0:02:11]} 32. Nxb7
{[%clk 0:08:27]} Nd7 {[%clk 0:01:22]} 33. Bf3 {[%clk 0:06:09]} Ke7
{[%clk 0:01:18]} 34. Bxc6 {[%clk 0:05:35]} Bb4 {[%clk 0:01:24]} 35. f4
{[%clk 0:04:55]} f5 {[%clk 0:01:11]} 36. Kf3 {[%clk 0:04:35]} Nc5
{[%clk 0:00:47]} 37. Nxc5 {[%clk 0:04:56]} Bxc5 {[%clk 0:01:13]} 38. g4
{[%clk 0:04:37]} fxg4+ {[%clk 0:01:29]} 39. hxg4 {[%clk 0:05:02]} g5
{[%clk 0:01:52]} 40. fxg5 {[%clk 0:35:15]} hxg5 {[%clk 0:32:17]} 1/2-1/2

[Event "Reykjavik Open 2013"]
[Site "?"]
[Date "2013.02.25"]
[Round "8.9"]
[White "Bartholomew, John"]
[Black "Solak, Dragan"]
[Result "1/2-1/2"]
[LiveChessVersion "1.4"]
[BlackElo "2603"]
[WhiteElo "2435"]

1. d4 {[%clk 1:30:57]} Nf6 {[%clk 1:26:47]} 2. c4 {[%clk 1:31:18]} g6
{[%clk 1:27:13]} 3. Nc3 {[%clk 1:31:41]} Bg7 {[%clk 1:26:54]} 4. e4
{[%clk 1:32:03]} d6 {[%clk 1:27:18]} 5. Nf3 {[%clk 1:32:07]} O-O {[%clk 1:27:40]}
6. Be2 {[%clk 1:32:32]} e5 {[%clk 1:26:28]} 7. O-O {[%clk 1:32:47]} exd4
{[%clk 1:22:25]} 8. Nxd4 {[%clk 1:32:46]} Nc6 {[%clk 1:22:39]} 9. Nc2
{[%clk 1:29:55]} Re8 {[%clk 1:22:10]} 10. f3 {[%clk 1:30:04]} Nd7
{[%clk 1:22:02]} 11. Be3 {[%clk 1:26:13]} Nc5 {[%clk 1:19:36]} 12. Qd2
{[%clk 1:25:48]} a5 {[%clk 1:19:44]} 13. Rad1 {[%clk 1:22:11]} Be6
{[%clk 1:10:25]} 14. Bg5 {[%clk 1:13:11]} Qb8 {[%clk 0:50:26]} 15. Ne3
{[%clk 1:06:48]} h6 {[%clk 0:46:36]} 16. Bh4 {[%clk 1:05:35]} Nd4
{[%clk 0:42:41]} 17. Ned5 {[%clk 1:00:28]} Nd7 {[%clk 0:39:26]} 18. Bf2
{[%clk 0:39:57]} Bxd5 {[%clk 0:39:08]} 19. cxd5 {[%clk 0:38:08]} Nxe2+
{[%clk 0:39:22]} 20. Nxe2 {[%clk 0:38:17]} Nc5 {[%clk 0:37:21]} 21. Rc1
{[%clk 0:22:43]} b6 {[%clk 0:37:44]} 22. Nd4 {[%clk 0:19:30]} Qd8
{[%clk 0:36:53]} 23. Nc6 {[%clk 0:19:07]} Qg5 {[%clk 0:32:29]} 24. Be3
{[%clk 0:18:40]} Qh4 {[%clk 0:32:44]} 25. Bf2 {[%clk 0:17:28]} Qg5
{[%clk 0:32:00]} 26. Be3 {[%clk 0:17:24]} Qh4 {[%clk 0:31:27]} 27. Bf2
{[%clk 0:16:54]} 1/2-1/2

[Event "Reykjavik Open 2013"]
[Site "?"]
[Date "2013.02.25"]
[Round "8.1"]
[White "Grandelius, Nils"]
[Black "Tan, Zhongyi"]
[Result "1-0"]
[LiveChessVersion "1.4"]
[BlackElo "2466"]
[WhiteElo "2566"]

1. e4 d6 2. d4 Nf6 3. Nc3 g6 4. f4 Bg7 5. Nf3 c5 6. Bb5+ Bd7 7. e5 Ng4 8. Bxd7+
Qxd7 9. h3 cxd4 10. Qxd4 Nh6 11. Qf2 Nc6 12. Bd2 f5 13. O-O-O Nf7 14. Nd5 O-O 15.
Bc3 e6 16. Nf6+ Bxf6 17. exf6 b5 18. b3 a5 19. g4 Nb4 20. Kb1 Rfc8 21. Bxb4 axb4
22. gxf5 exf5 23. Ne1 d5 24. Nd3 Nd6 25. Qd4 Ne4 26. Nxb4 Nc3+ 27. Kb2 Qd6 28. a3
Nxd1+ 29. Rxd1 Rf8 30. Qxd5+ Qxd5 31. Rxd5 Rab8 32. Nc6 Rb7 33. Rd6 Ra8 34. Ne5
Rba7 35. Kc3 Ra6 36. f7+ Kg7 37. Rd7 R6a7 38. Rd5 Rxa3 39. Rxb5 R3a5 40. Rxa5
Rxa5 41. Kd4 g5 42. b4 Ra2 43. fxg5 Rxc2 44. Kd5 f4 45. h4 Rd2+ 46. Ke6 Re2 47.
h5 Rxe5+ 48. Kxe5 f3 49. Ke4 1-0

[Event "Reykjavik Open 2013"]
[Site "?"]
[Date "2013.02.25"]
[Round "8.2"]
[White "Halkias, Stelios"]
[Black "Schreiner, Peter"]
[Result "1/2-1/2"]
[LiveChessVersion "1.4"]
[BlackElo "2439"]
[WhiteElo "2566"]

1. c4 {[%clk 1:24:11]} g6 {[%clk 1:30:00]} 2. Nf3 {[%clk 1:24:00]} Nf6
{[%clk 1:29:14]} 3. Nc3 {[%clk 1:23:58]} d5 {[%clk 1:28:58]} 4. cxd5
{[%clk 1:21:46]} Nxd5 {[%clk 1:29:22]} 5. e4 {[%clk 1:21:46]} Nxc3
{[%clk 1:24:45]} 6. dxc3 {[%clk 1:21:58]} Qxd1+ {[%clk 1:22:53]} 7. Kxd1
{[%clk 1:22:22]} f6 {[%clk 1:06:30]} 8. Be3 {[%clk 1:15:26]} e5 {[%clk 1:05:50]}
9. Nd2 {[%clk 1:14:23]} Be6 {[%clk 0:59:59]} 10. Bc4 {[%clk 1:12:59]} Kf7
{[%clk 0:56:34]} 11. Kc2 {[%clk 1:12:00]} Nd7 {[%clk 0:55:56]} 12. Rhd1
{[%clk 0:58:44]} Bc5 {[%clk 0:47:24]} 13. Nb3 {[%clk 0:39:04]} Bd6
{[%clk 0:45:16]} 14. Bxe6+ {[%clk 0:39:21]} Kxe6 {[%clk 0:45:40]} 15. a4
{[%clk 0:39:41]} f5 {[%clk 0:39:16]} 16. f3 {[%clk 0:35:07]} Nf6 {[%clk 0:27:39]}
17. Bg5 {[%clk 0:29:04]} fxe4 {[%clk 0:25:36]} 18. Bxf6 {[%clk 0:28:02]} Kxf6
{[%clk 0:26:02]} 19. fxe4 {[%clk 0:28:25]} Ke6 {[%clk 0:23:22]} 20. Rf1
{[%clk 0:27:44]} Rhf8 {[%clk 0:21:01]} 21. Kd3 {[%clk 0:25:51]} c6
{[%clk 0:14:24]} 22. Ke2 {[%clk 0:20:24]} Rxf1 {[%clk 0:11:13]} 23. Rxf1
{[%clk 0:20:43]} b6 {[%clk 0:11:27]} 24. Nd2 {[%clk 0:19:00]} a6 {[%clk 0:10:11]}
25. Nc4 {[%clk 0:15:31]} Bc7 {[%clk 0:09:48]} 26. Ne3 {[%clk 0:15:40]} Bd6
{[%clk 0:09:14]} 27. Nc4 {[%clk 0:08:02]} Bc7 {[%clk 0:09:26]} 28. Ra1
{[%clk 0:08:12]} Rf8 {[%clk 0:08:34]} 29. g3 {[%clk 0:06:59]} h5 {[%clk 0:05:01]}
30. Nd2 {[%clk 0:07:09]} Bd6 {[%clk 0:05:07]} 31. b4 {[%clk 0:06:56]} Ra8
{[%clk 0:04:46]} 32. Nb3 {[%clk 0:06:41]} Rh8 {[%clk 0:04:08]} 33. a5
{[%clk 0:03:43]} b5 {[%clk 0:03:57]} 34. Rd1 {[%clk 0:04:06]} Ke7
{[%clk 0:03:41]} 35. Rd3 {[%clk 0:01:28]} Rc8 {[%clk 0:03:38]} 36. Nc5
{[%clk 0:00:51]} Bxc5 {[%clk 0:03:54]} 37. bxc5 {[%clk 0:01:20]} Rd8
{[%clk 0:03:59]} 38. Rxd8 {[%clk 0:00:44]} Kxd8 {[%clk 0:04:27]} 39. g4
{[%clk 0:00:48]} Ke7 {[%clk 0:04:18]} 40. Kf3 {[%clk 0:30:59]} Kf6
{[%clk 0:34:12]} 41. Kg3 {[%clk 0:29:56]} Kg5 {[%clk 0:34:10]} 42. h4+
{[%clk 0:28:22]} 1/2-1/2

[Event "Reykjavik Open 2013"]
[Site "?"]
[Date "2013.02.25"]
[Round "8.3"]
[White "Norowitz, Yaacov"]
[Black "Xiu, Deshun"]
[Result "1/2-1/2"]
[LiveChessVersion "1.4"]
[BlackElo "2530"]
[WhiteElo "2432"]

1. d4 {[%clk 1:30:58]} d5 {[%clk 1:30:49]} 2. Nf3 {[%clk 1:31:19]} e6
{[%clk 1:29:22]} 3. Bf4 {[%clk 1:31:01]} Bd6 {[%clk 1:29:16]} 4. Bg3
{[%clk 1:27:53]} Nf6 {[%clk 1:29:15]} 5. e3 {[%clk 1:27:10]} c5 {[%clk 1:28:05]}
6. c4 {[%clk 1:20:58]} cxd4 {[%clk 1:24:32]} 7. exd4 {[%clk 1:19:54]} dxc4
{[%clk 1:23:27]} 8. Bxc4 {[%clk 1:18:46]} Nc6 {[%clk 1:20:54]} 9. Nc3
{[%clk 1:17:34]} O-O {[%clk 1:13:52]} 10. a3 {[%clk 1:04:53]} Ne7
{[%clk 0:59:23]} 11. Be5 {[%clk 1:00:20]} Ng6 {[%clk 0:58:13]} 12. O-O
{[%clk 0:59:10]} a6 {[%clk 0:58:02]} 13. Ba2 {[%clk 0:53:07]} b5 {[%clk 0:55:28]}
14. Bxf6 {[%clk 0:43:06]} Qxf6 {[%clk 0:55:11]} 15. d5 {[%clk 0:41:41]} Rd8
{[%clk 0:27:59]} 16. Qe1 {[%clk 0:32:00]} e5 {[%clk 0:23:43]} 17. Qe3
{[%clk 0:27:27]} Qe7 {[%clk 0:21:31]} 18. Ne4 {[%clk 0:26:34]} Bb7
{[%clk 0:18:21]} 19. Rad1 {[%clk 0:24:11]} Rac8 {[%clk 0:17:08]} 20. Rfe1
{[%clk 0:23:48]} h6 {[%clk 0:16:27]} 21. g3 {[%clk 0:19:11]} Rc2 {[%clk 0:15:27]}
22. Qb3 {[%clk 0:17:49]} Rcc8 {[%clk 0:15:51]} 23. h4 {[%clk 0:17:27]} f6
{[%clk 0:12:51]} 24. h5 {[%clk 0:15:58]} Nf8 {[%clk 0:13:15]} 25. Nh4
{[%clk 0:15:19]} Qf7 {[%clk 0:11:21]} 26. Nf5 {[%clk 0:15:21]} Bb8
{[%clk 0:10:31]} 27. Ne7+ {[%clk 0:13:55]} Qxe7 {[%clk 0:10:56]} 28. d6+
{[%clk 0:14:20]} Qe6 {[%clk 0:11:23]} 29. Qxe6+ {[%clk 0:14:39]} Nxe6
{[%clk 0:11:50]} 30. Bxe6+ {[%clk 0:15:03]} Kf8 {[%clk 0:12:18]} 31. Bxc8
{[%clk 0:15:08]} Bxc8 {[%clk 0:12:44]} 32. f3 {[%clk 0:11:54]} f5
{[%clk 0:11:21]} 33. Nc5 {[%clk 0:09:51]} Rxd6 {[%clk 0:07:56]} 34. Rxd6
{[%clk 0:09:44]} Bxd6 {[%clk 0:08:22]} 35. b4 {[%clk 0:07:32]} Ke7
{[%clk 0:04:28]} 36. Kf2 {[%clk 0:07:46]} a5 {[%clk 0:04:08]} 37. Rc1
{[%clk 0:07:59]} axb4 {[%clk 0:04:00]} 38. axb4 {[%clk 0:08:27]} Be6
{[%clk 0:04:03]} 39. Nxe6 {[%clk 0:04:55]} Kxe6 {[%clk 0:04:30]} 40. Rc6
{[%clk 0:35:11]} Ke7 {[%clk 0:32:17]} 41. Rb6 {[%clk 0:31:34]} Bxb4
{[%clk 0:32:42]} 42. Rxb5 {[%clk 0:31:55]} Bd6 {[%clk 0:23:59]} 43. Ke3
{[%clk 0:30:08]} Kf7 {[%clk 0:23:56]} 44. g4 {[%clk 0:25:34]} fxg4
{[%clk 0:24:10]} 45. fxg4 {[%clk 0:25:59]} Kg8 {[%clk 0:24:09]} 46. Ke4
{[%clk 0:25:00]} Kh7 {[%clk 0:24:34]} 47. Rb7 {[%clk 0:25:01]} Bc5
{[%clk 0:24:44]} 48. Rd7 {[%clk 0:21:03]} Bd4 {[%clk 0:24:17]} 49. Kf5
{[%clk 0:21:07]} Be3 {[%clk 0:24:27]} 50. Kxe5 {[%clk 0:19:55]} Bc1
{[%clk 0:24:46]} 51. Kf5 {[%clk 0:20:14]} Be3 {[%clk 0:25:02]} 52. Ke6
{[%clk 0:20:30]} Bc1 {[%clk 0:25:07]} 53. Kf7 {[%clk 0:20:50]} Be3
{[%clk 0:25:00]} 54. Rd6 {[%clk 0:19:31]} Bc1 {[%clk 0:25:07]} 55. Rc6
{[%clk 0:19:03]} Bb2 {[%clk 0:25:14]} 56. Rg6 {[%clk 0:18:07]} Bc3
{[%clk 0:25:37]} 57. g5 {[%clk 0:17:09]} hxg5 {[%clk 0:26:03]} 58. Rxg5
{[%clk 0:17:32]} Bd4 {[%clk 0:26:26]} 59. Rg6 {[%clk 0:17:48]} Bc3
{[%clk 0:26:43]} 60. Ke6 {[%clk 0:17:52]} Bd4 {[%clk 0:27:03]} 61. Kf5
{[%clk 0:18:17]} Be3 {[%clk 0:26:42]} 62. Ke5 {[%clk 0:18:36]} Bc1
{[%clk 0:27:00]} 63. Ke6 {[%clk 0:19:00]} Bb2 {[%clk 0:27:13]} 64. Kf5
{[%clk 0:18:58]} Bc1 {[%clk 0:27:37]} 65. Rb6 {[%clk 0:19:08]} Bd2
{[%clk 0:27:58]} 66. Rc6 {[%clk 0:19:11]} Be3 {[%clk 0:28:18]} 67. Rg6
{[%clk 0:18:52]} Bd2 {[%clk 0:28:38]} 68. Rg2 {[%clk 0:18:43]} Be3
{[%clk 0:28:50]} 69. Rg3 {[%clk 0:18:26]} Bc1 {[%clk 0:29:01]} 70. Rg2
{[%clk 0:17:56]} Be3 {[%clk 0:29:22]} 71. Ke6 {[%clk 0:15:41]} Bd4
{[%clk 0:28:44]} 72. h6 {[%clk 0:15:54]} gxh6 {[%clk 0:28:01]} 73. Kf5
{[%clk 0:15:51]} Be3 {[%clk 0:28:13]} 74. Re2 {[%clk 0:15:44]} Bg5
{[%clk 0:28:35]} 75. Rc2 {[%clk 0:15:59]} Kg7 {[%clk 0:28:55]} 76. Rc7+
{[%clk 0:16:17]} Kf8 {[%clk 0:29:21]} 77. Rh7 {[%clk 0:16:33]} Kg8
{[%clk 0:29:39]} 78. Kg6 {[%clk 0:16:53]} Kf8 {[%clk 0:30:04]} 79. Kf5
{[%clk 0:17:06]} Kg8 {[%clk 0:30:28]} 80. Rb7 {[%clk 0:17:30]} Kf8
{[%clk 0:30:53]} 81. Ke6 {[%clk 0:17:55]} Kg8 {[%clk 0:30:41]} 82. Rf7
{[%clk 0:18:16]} Be3 83. Kf6 {[%clk 0:17:19]} 1/2-1/2

[Event "Reykjavik Open 2013"]
[Site "?"]
[Date "2013.02.25"]
[Round "8.4"]
[White "Gretarsson, Hjorvar Steinn"]
[Black "Guramishvili, Sopiko"]
[Result "0-1"]
[LiveChessVersion "1.4"]
[BlackElo "2414"]
[WhiteElo "2509"]

1. d4 {[%clk 1:25:36]} d5 {[%clk 1:30:43]} 2. c4 {[%clk 1:25:27]} c6
{[%clk 1:31:05]} 3. Nf3 {[%clk 1:25:49]} Nf6 {[%clk 1:31:26]} 4. Nc3
{[%clk 1:26:08]} dxc4 {[%clk 1:31:45]} 5. a4 {[%clk 1:26:27]} Bf5
{[%clk 1:32:06]} 6. Ne5 {[%clk 1:26:47]} Nbd7 {[%clk 1:32:30]} 7. Nxc4
{[%clk 1:27:10]} Qc7 {[%clk 1:32:58]} 8. g3 {[%clk 1:27:24]} e5 {[%clk 1:33:17]}
9. dxe5 {[%clk 1:27:47]} Nxe5 {[%clk 1:33:44]} 10. Bf4 {[%clk 1:28:10]} Nfd7
{[%clk 1:34:07]} 11. Bg2 {[%clk 1:28:30]} g5 {[%clk 1:34:32]} 12. Ne3
{[%clk 1:28:52]} gxf4 {[%clk 1:34:55]} 13. Nxf5 {[%clk 1:29:16]} O-O-O
{[%clk 1:35:19]} 14. Qc2 {[%clk 1:29:13]} Nc5 {[%clk 1:35:35]} 15. O-O
{[%clk 1:28:42]} fxg3 {[%clk 1:35:58]} 16. hxg3 {[%clk 1:28:51]} a5
{[%clk 1:36:25]} 17. Rab1 {[%clk 1:18:06]} Ne6 {[%clk 1:29:01]} 18. Qe4
{[%clk 1:15:47]} h5 {[%clk 1:20:38]} 19. Rfc1 {[%clk 1:08:23]} Bc5
{[%clk 1:18:24]} 20. b4 {[%clk 0:59:57]} axb4 {[%clk 1:15:09]} 21. Na2
{[%clk 0:50:09]} h4 {[%clk 0:51:23]} 22. Nxh4 {[%clk 0:42:50]} Bxf2+
{[%clk 0:43:57]} 23. Kxf2 {[%clk 0:40:18]} Rd4 {[%clk 0:44:14]} 24. Qxd4
{[%clk 0:35:06]} Nxd4 {[%clk 0:44:32]} 25. Bh3+ {[%clk 0:34:58]} Kb8
{[%clk 0:33:30]} 26. Nxb4 {[%clk 0:34:34]} Ka7 {[%clk 0:33:12]} 27. a5
{[%clk 0:32:18]} Ng6 {[%clk 0:26:40]} 28. a6 {[%clk 0:30:03]} Qe5
{[%clk 0:18:51]} 29. Bf1 {[%clk 0:27:43]} Nxh4 {[%clk 0:17:39]} 30. gxh4
{[%clk 0:28:08]} Qf4+ {[%clk 0:17:45]} 31. Ke1 {[%clk 0:28:31]} Qg3+
{[%clk 0:17:23]} 32. Kd1 {[%clk 0:28:44]} Qf2 {[%clk 0:17:19]} 33. Kd2
{[%clk 0:28:40]} Nf3+ {[%clk 0:17:15]} 34. Kc2 {[%clk 0:28:19]} Nd4+
{[%clk 0:12:30]} 35. Kd2 {[%clk 0:28:29]} Qf4+ {[%clk 0:12:23]} 36. Kc3
{[%clk 0:27:25]} Nb5+ {[%clk 0:12:26]} 37. Kb3 {[%clk 0:27:47]} Rxh4
{[%clk 0:12:35]} 0-1

[Event "Reykjavik Open 2013"]
[Site "?"]
[Date "2013.02.25"]
[Round "8.5"]
[White "Hagen, Andreas Skytte"]
[Black "Bu, Xiangzhi"]
[Result "0-1"]
[LiveChessVersion "1.4"]
[BlackElo "2675"]
[WhiteElo "2411"]

1. e4 {[%clk 1:30:57]} c5 {[%clk 1:30:50]} 2. Nf3 {[%clk 1:31:22]} d6
{[%clk 1:31:13]} 3. d4 {[%clk 1:31:48]} cxd4 {[%clk 1:31:39]} 4. Nxd4
{[%clk 1:32:14]} Nf6 {[%clk 1:32:04]} 5. Nc3 {[%clk 1:32:40]} a6 {[%clk 1:32:29]}
6. Be3 {[%clk 1:33:07]} e5 {[%clk 1:32:49]} 7. Nb3 {[%clk 1:33:21]} Be7
{[%clk 1:33:12]} 8. f3 {[%clk 1:33:31]} Be6 {[%clk 1:33:39]} 9. Qd2
{[%clk 1:33:30]} O-O {[%clk 1:34:03]} 10. O-O-O {[%clk 1:27:18]} a5
{[%clk 1:34:23]} 11. Kb1 {[%clk 1:26:31]} a4 {[%clk 1:34:47]} 12. Nc1
{[%clk 1:26:56]} Ra5 {[%clk 1:35:15]} 13. Qf2 {[%clk 1:26:13]} Nbd7
{[%clk 1:35:19]} 14. a3 {[%clk 1:25:42]} d5 {[%clk 1:23:49]} 15. exd5
{[%clk 1:25:45]} Nxd5 {[%clk 1:24:15]} 16. Nxd5 {[%clk 1:24:53]} Rxd5
{[%clk 1:21:40]} 17. Rxd5 {[%clk 1:25:05]} Bxd5 {[%clk 1:22:06]} 18. Bb5
{[%clk 1:23:54]} Bc6 {[%clk 1:20:15]} 19. Qe2 {[%clk 1:22:38]} Qa5
{[%clk 1:16:18]} 20. Bxc6 {[%clk 1:22:15]} bxc6 {[%clk 1:16:43]} 21. Qc4
{[%clk 1:22:14]} Rb8 {[%clk 1:14:14]} 22. Rd1 {[%clk 1:22:25]} Nf6
{[%clk 1:11:57]} 23. Ka2 {[%clk 1:21:15]} Nd5 {[%clk 0:53:54]} 24. Bd2
{[%clk 1:00:39]} Qb5 {[%clk 0:46:34]} 25. Qxb5 {[%clk 1:00:18]} cxb5
{[%clk 0:47:01]} 26. Nd3 {[%clk 0:53:53]} f6 {[%clk 0:47:00]} 27. b3
{[%clk 0:38:21]} axb3+ {[%clk 0:35:56]} 28. Kxb3 {[%clk 0:36:29]} Kf7
{[%clk 0:36:10]} 29. Nb4 {[%clk 0:31:14]} Bxb4 {[%clk 0:21:09]} 30. Bxb4
{[%clk 0:25:49]} Ke6 {[%clk 0:21:28]} 31. g3 {[%clk 0:12:24]} Rc8
{[%clk 0:21:12]} 32. c3 {[%clk 0:11:19]} f5 {[%clk 0:20:21]} 33. Re1
{[%clk 0:10:32]} Nb6 {[%clk 0:19:56]} 34. Re2 {[%clk 0:09:18]} g5
{[%clk 0:17:38]} 35. Rd2 {[%clk 0:08:02]} Nc4 {[%clk 0:16:38]} 36. Rd1
{[%clk 0:06:08]} f4 {[%clk 0:16:45]} 37. Rd3 {[%clk 0:02:58]} e4 {[%clk 0:14:09]}
38. fxe4 {[%clk 0:03:05]} f3 {[%clk 0:14:36]} 39. Ka2 {[%clk 0:02:33]} g4
{[%clk 0:14:39]} 40. Rd5 {[%clk 0:32:10]} Ne3 {[%clk 0:38:28]} 41. Rd2
{[%clk 0:31:34]} Rc7 {[%clk 0:37:44]} 42. e5 {[%clk 0:25:39]} Rd7
{[%clk 0:35:34]} 43. Bd6 {[%clk 0:25:42]} Nc4 {[%clk 0:35:57]} 44. Rf2
{[%clk 0:24:36]} Nxe5 {[%clk 0:36:09]} 45. Bxe5 {[%clk 0:24:53]} Kxe5
{[%clk 0:36:36]} 46. Kb3 {[%clk 0:25:04]} Ke4 {[%clk 0:36:41]} 47. Kb4
{[%clk 0:25:28]} Ke3 {[%clk 0:37:01]} 48. Rf1 {[%clk 0:25:46]} Ke2
{[%clk 0:37:28]} 49. Ra1 {[%clk 0:25:57]} Rd1 {[%clk 0:37:41]} 50. Ra2+
{[%clk 0:26:20]} Rd2 {[%clk 0:38:08]} 51. Ra1 {[%clk 0:26:42]} Rb2+ 0-1

[Event "Reykjavik Open 2013"]
[Site "?"]
[Date "2013.02.25"]
[Round "8.6"]
[White "Li, Wenliang"]
[Black "Baklan, Vladimir"]
[Result "1/2-1/2"]
[LiveChessVersion "1.4"]
[BlackElo "2609"]
[WhiteElo "2411"]

1. d4 {[%clk 1:30:52]} g6 {[%clk 1:30:26]} 2. c4 {[%clk 1:30:51]} Bg7
{[%clk 1:30:51]} 3. Nf3 {[%clk 1:30:55]} d6 {[%clk 1:31:13]} 4. Nc3
{[%clk 1:30:41]} Bg4 {[%clk 1:31:27]} 5. e3 {[%clk 1:25:05]} Nf6 {[%clk 1:31:45]}
6. Be2 {[%clk 1:25:17]} O-O {[%clk 1:30:52]} 7. O-O {[%clk 1:24:38]} Re8
{[%clk 1:24:18]} 8. h3 {[%clk 1:22:59]} Bf5 {[%clk 1:24:44]} 9. Bd3
{[%clk 1:14:14]} Bxd3 {[%clk 1:18:11]} 10. Qxd3 {[%clk 1:14:40]} Na6
{[%clk 1:17:24]} 11. e4 {[%clk 1:11:35]} c5 {[%clk 1:17:14]} 12. d5
{[%clk 1:10:46]} e6 {[%clk 1:17:38]} 13. Bf4 {[%clk 1:03:54]} exd5
{[%clk 1:13:57]} 14. exd5 {[%clk 1:04:14]} Nb4 {[%clk 1:02:04]} 15. Qb1
{[%clk 1:00:42]} Nh5 {[%clk 0:52:24]} 16. Bg5 {[%clk 0:52:36]} Qd7
{[%clk 0:51:53]} 17. a3 {[%clk 0:52:39]} Na6 {[%clk 0:51:36]} 18. Qd3
{[%clk 0:50:35]} Nc7 {[%clk 0:47:25]} 19. Rfe1 {[%clk 0:47:00]} b6
{[%clk 0:45:25]} 20. Rab1 {[%clk 0:46:08]} Rxe1+ {[%clk 0:40:54]} 21. Rxe1
{[%clk 0:46:34]} Re8 {[%clk 0:41:15]} 22. Rb1 {[%clk 0:45:42]} a5
{[%clk 0:34:34]} 23. Bd2 {[%clk 0:38:19]} f5 {[%clk 0:32:59]} 24. Re1
{[%clk 0:36:21]} Nf6 {[%clk 0:31:56]} 25. Kf1 {[%clk 0:33:55]} Rxe1+
{[%clk 0:19:16]} 26. Bxe1 {[%clk 0:30:09]} Ne4 {[%clk 0:18:29]} 27. Qc2
{[%clk 0:27:01]} Nxc3 {[%clk 0:16:58]} 28. Bxc3 {[%clk 0:27:27]} Bxc3
{[%clk 0:17:05]} 29. Qxc3 {[%clk 0:27:35]} a4 {[%clk 0:17:18]} 30. b4
{[%clk 0:24:13]} axb3 {[%clk 0:10:42]} 31. Qxb3 {[%clk 0:24:33]} b5
{[%clk 0:10:48]} 32. Nd2 {[%clk 0:23:27]} Qe8 {[%clk 0:10:54]} 33. cxb5
{[%clk 0:12:29]} Nxb5 {[%clk 0:11:20]} 34. Qa4 {[%clk 0:12:17]} Qb8
{[%clk 0:11:33]} 35. Qb3 {[%clk 0:12:31]} Qe8 {[%clk 0:11:07]} 36. Qa4
{[%clk 0:12:56]} Qb8 {[%clk 0:11:10]} 37. Qb3 {[%clk 0:13:16]} Qe8
{[%clk 0:11:32]} 1/2-1/2